Fashion designing

Bibliographic Details
Other Authors: Ortego, Nicole (Editor)
Format: Book
Published: New York, USA : Larsen and Keller Education 2025
Subjects:

MARC

LEADER 00000cam a2200000 7i4500
001 0000095359
005 20250701101720.0
020 |a 9798888369432 (  |q paperback) 
040 |e rda 
041 |a English 
090 0 0 |a 746.92   |b FAS 
245 0 0 |a Fashion designing 
264 1 |a New York, USA :   |b Larsen and Keller Education   |c 2025 
300 |a 208 pages :   |b illustration ;   |c 26 cm. 
336 |a text  |2 rdacontent 
337 |a unmediated  |2 rdamedia 
338 |a volume  |2 rdacarrier 
500 |a Includes index 
541 |c Purchased on 2025   |f PI1248 PUI   |h RM248.50 
650 0 |a Fashion Design 
650 0 |a Fashion designer   |x Vocational guide 
650 0 |a Fashion design   |x Guidebooks 
700 0 |a Ortego, Nicole ,   |e editor 
999 |a 0001818932   |b Book   |c Adult Collection   |e Perbadanan Perpustakaan Awam Johor 
999 |a 0001818933   |b Book   |c Adult Collection   |e Perbadanan Perpustakaan Awam Johor 
999 |a 0001818934   |b Book   |c Adult Collection   |e Perbadanan Perpustakaan Awam Johor 
999 |a 0001818935   |b Book   |c Adult Collection   |e Perbadanan Perpustakaan Awam Johor 
999 |a 0001818936   |b Book   |c Adult Collection   |e Perbadanan Perpustakaan Awam Johor 
999 |a 0001818937   |b Book   |c Adult Collection   |e Perbadanan Perpustakaan Awam Johor 
999 |a 0001818938   |b Book   |c Adult Collection   |e Perbadanan Perpustakaan Awam Johor 
999 |a 0001818939   |b Book   |c Adult Collection   |e Perbadanan Perpustakaan Awam Johor 
999 |a 0001818940   |b Book   |c Adult Collection   |e Perbadanan Perpustakaan Awam Johor 
999 |a 0001818941   |b Book   |c Adult Collection   |e Perbadanan Perpustakaan Awam Johor 
999 |a 0001818942   |b Book   |c Adult Collection   |e Perbadanan Perpustakaan Awam Johor 
999 |a 0001818943   |b Book   |c Adult Collection   |e Perbadanan Perpustakaan Awam Johor 
999 |a 0001818944   |b Book   |c Adult Collection   |e Perbadanan Perpustakaan Awam Johor 
999 |a 0001818945   |b Book   |c Adult Collection   |e Perbadanan Perpustakaan Awam Johor 
999 |a 0001818946   |b Book   |c Adult Collection   |e Perbadanan Perpustakaan Awam Johor 
999 |a 0001818947   |b Book   |c Adult Collection   |e Perbadanan Perpustakaan Awam Johor